| 000 | 00681nam a2200241 i 4500 | ||
|---|---|---|---|
| 008 | |||
| 020 | _a0853241139 (pbk.) | ||
| 049 | _aMAIN | ||
| 090 |
_aRJ48 _bPAE |
||
| 245 | 0 | 2 |
_aA Paediatric vade-mecum / _cedited by Ben Wood. |
| 250 | _a8th ed. | ||
| 260 |
_aLondon : _bLloyd Luke, _c1974. |
||
| 300 |
_axiii, 190 p. : _bill. ; _c19 cm. |
||
| 500 | _aIncludes index. | ||
| 504 | _aIncludes bibliographical references. | ||
| 650 | 0 |
_aPediatrics _xHandbooks, manuals, etc. |
|
| 700 | _aWood, Ben. | ||
| 907 |
_a.b10340865 _b07-04-14 _c04-04-14 |
||
| 003 | |||
| 005 | 20230120204135.0 | ||
| 040 | _cNUST | ||
| 942 |
_cBOOKS _kRJ48 _mPAE |
||
| 999 |
_c117867 _d117867 |
||